Dictionary of Food science & nutrition
| Main Author: | |
|---|---|
| Format: | Book |
| Published: |
Kuala Lumpur :
Golden Books Centre Sdn.Bhd ,
1998
|
| Subjects: |
MARC
| LEADER | 00000cam a2200000 7i4500 | ||
|---|---|---|---|
| 001 | 0000016537 | ||
| 005 | 20080425.0 | ||
| 008 | 250408 | ||
| 020 | |a 9837203382 | ||
| 090 | 0 | 0 | |a 413 |b SHE |
| 100 | 1 | |a Sheton Dr. | |
| 245 | 1 | 0 | |a Dictionary of Food science & nutrition |c By Dr.Shelton |
| 260 | |a Kuala Lumpur : |b Golden Books Centre Sdn.Bhd , |c 1998 | ||
| 650 | 0 | |a Food science |x Dictionaries | |
| 650 | 0 | |a Nutrition |x Dictionaries | |
| 999 | |a 0001012556 |b Book |c Adult Collection |e Perbadanan Perpustakaan Awam Johor | ||
| 999 | |a 0001012557 |b Book |c REFERENCE |e Perbadanan Perpustakaan Awam Johor | ||